| 000 | 00627cam a2200205 4500 | ||
|---|---|---|---|
| 001 | WS107558 | ||
| 008 | 000000n 000 0 eng u | ||
| 035 | _a(Sirsi) u107558 | ||
| 245 | _aGPS World Online | ||
| 520 | _aOnline version of this journal including a good glossary of terms and a GPS buyers guide. | ||
| 650 | _aGLOBAL POSITIONING SYSTEMS | ||
| 650 | _aGPS | ||
| 650 | 0 | _aSATELLITE POSITIONING SYSTEMS | |
| 650 | _aGLOSSARY | ||
| 650 | _aINTERNATIONAL | ||
| 650 | _aUSA | ||
| 690 | _aGEOMATICS-GPS | ||
| 856 | 4 | 0 |
_uhttps://www.gpsworld.com _zView the website free of charge at www.gpsworld.com... |
| 942 | _n0 | ||
| 999 |
_c119556 _d119556 |
||